| 000 | 01439nam a2200205Ia 4500 | ||
|---|---|---|---|
| 999 |
_c9457 _d9457 |
||
| 005 | 20230922163957.0 | ||
| 008 | 230921s9999 xx 000 0 und d | ||
| 020 | _a9681601572 | ||
| 040 |
_aUPAN _cBiblioteca San Vicente _eRCAA2 |
||
| 041 | _aspa | ||
| 082 |
_a121.8 _bF766q _c2000 |
||
| 100 |
_aFrondizi, Risieri _4aut. |
||
| 245 | 0 |
_a¿Qué son los valores?/ _bRisieri Frondizi |
|
| 250 | _a3° ed. | ||
| 260 |
_aMéxico.: _bFondo de Cultura Económica, _c2000 |
||
| 300 |
_a237 P.; _c17 cm. |
||
| 505 | _al. ¿Qué son los valores? 1. El mundo de los valores, 11; 2. El valor como cualidad estructural, 15; 3. Polaridad y jerarquía; 19. Bibliografía, 21 II. Problemas fundamentales de la axiología 1. Los problemas axiológicos en la vida diaria, 24; 2. ¿Son los valores objetivos o subjetivos?, 26; 3. Sugerencias para una problemática nueva, 34; 4. El problema metodológico, 37; 5. ¿Cómo captamos los valores?, 40; 6. ¿Cuáles son las razones valederas?, 44; Bibliografía, 47 III. Las doctrinas subjetivistas. 1. Iniciación de la axiología, 49; 2. La polémica de Meinong con Ehrenfels, 53; 3. El subjetivismo axiológico en el siglo xx, 57; 4. R. B. Perry y el valor como cualquier objeto de interés, 62, 5, El empirismo lógico y las nuevas formas del subjetivismo, 78; 6, Rudolf Carnap, 84; 7. La teoría emotiva, 87; 8. Bertrand Russell, 95; Bibliografía, 105. | ||
| 650 |
_2LEMB _xValores |
||
| 942 |
_cBK _2ddc |
||